Préfectures et sous-préfectures du Grand Est - Statistiques

Statistiques générales
  • Ce quiz a été pris 727 fois
  • Le résultat moyen est 21 sur 38
Statistiques - réponses
Réponse % Correct
Strasbourg
97%
Metz
96%
Colmar
94%
Nancy
94%
Épinal
87%
Troyes
86%
Châlons-en-Champagne
84%
Mulhouse
84%
Charleville-Mézières
83%
Reims
82%
Chaumont
81%
Bar-le-Duc
78%
Verdun
70%
Sedan
61%
Thionville
55%
Toul
54%
Sarreguemines
51%
Saint-Dizier
48%
Haguenau
47%
Sélestat
47%
Bar-sur-Aube
46%
Épernay
46%
Forbach
45%
Lunéville
42%
Saint-Dié-des-Vosges
42%
Sarrebourg
42%
Nogent-sur-Seine
41%
Molsheim
38%
Vitry-le-François
35%
Altkirch
33%
Rethel
33%
Saverne
32%
Thann
32%
Commercy
31%
Langres
31%
Neufchâteau
31%
Vouziers
30%
Val de Briey
18%
Aucun quiz correspondant
Distribution des résultats
% des personnes avec chaque résultat
Percentile par nombre de réponses
Votre historique - résultats
Vous n’avez pas pris ce quiz